One-Eyed Movie Characters Quiz Stats

 Plays Quiz Updated Mar 9, 2015

Challenge
Share
Tweet
Score 0/22 Timer 08:00
8 Plays Today
% Correct
Monsters University
95.5%
Despicable Me
92.4%
Harry Potter and the Goblet of Fire
81.3%
Hercules
80.7%
Kill Bill: Vol. 2
79.3%
Thor
74.8%
The Avengers
74.5%
Pirates of the Caribbean: Curse of the Black Pearl
71.9%
Austin Powers: International Man of Mystery
67.7%
True Grit
65.5%
Valkyrie
58.7%
% Correct
The SpongeBob Movie: Sponge Out of Water
51.3%
Escape from New York
49.6%
Waterworld
47.9%
The Goonies
44.1%
O Brother Where Art Thou
36.1%
Sky Captain and the World of Tomorrow
28.6%
Galaxy Quest
25.7%
Moonrise Kingdom
25%
Star Trek VI: The Undiscovered Country
19.5%
Godzilla
17%
Thunderball
14.1%

You're not logged in!

Compare scores with friends on all Sporcle quizzes.
OR
Log In

You Might Also Like...

Show Comments

Extras

Top Quizzes Today


Score Distribution

Your Account Isn't Verified!

In order to create a playlist on Sporcle, you need to verify the email address you used during registration. Go to your Sporcle Settings to finish the process.

Report this User

Report this user for behavior that violates our Community Guidelines.

Details: